|
|
|
|
| LEADER |
01063ncm a22002772a 4500 |
| 001 |
001285625 |
| 003 |
CZ BrMZK |
| 005 |
20150812155246.0 |
| 007 |
qu |
| 008 |
130205s1914 au |||||||||||||||||zxx d |
| 040 |
|
|
|a BOA001
|b cze
|
| 044 |
|
|
|a au
|a gw
|
| 072 |
|
7 |
|a 786
|x Hudba pro klávesové nástroje
|2 Konspekt
|9 9
|
| 100 |
1 |
|
|a Gluck, Christoph Willibald,
|d 1714-1787
|7 jn20000703085
|4 cmp
|
| 245 |
1 |
0 |
|a Transskriptionen.
|n No. 10,
|p Gavotte
|h [hudebnina] /
|c Chr. W. Gluck ; für Klavier zum Konzertgebrauch gesetzt von Ignaz Friedman
|
| 246 |
3 |
0 |
|a Gavotte
|
| 260 |
|
|
|a Wien ;
|a Leipzig :
|b Universal-Edition Aktiengesellschaft,
|c [1914]
|
| 300 |
|
|
|a 1 partitura (6 s.)
|
| 490 |
1 |
|
|a Universal-Edition ;
|v Nr. 5415
|
| 510 |
4 |
|
|a [Winiker, C. Haupt-Katalog der Musikalien-Leih-Anstalt,
|c 58 833]
|
| 700 |
1 |
|
|a Friedman, Ignaz,
|d 1882-1948
|7 xx0029330
|4 arr
|
| 830 |
|
0 |
|a Universal-Edition
|
| 910 |
|
|
|a BOA001
|b Mus4-0206.040,10
|
| 990 |
|
|
|a MU
|
| 991 |
|
|
|b 201303
|
| 996 |
6 |
|
|b 2619525104
|c Mus4-0206.040,10
|l MZK
|r Sklad / do 1 hodiny
|n 0
|p W
|w 001320185
|u 000010
|a 1
|e BOA001
|j MZK50
|s P
|